|
|
|
|
| LEADER |
01152nam a2200265 a 4500 |
| 001 |
1653872 |
| 008 |
091111s1997 dcu b i000 0 eng d |
| 010 |
|
|
|a 97028984
|
| 020 |
|
|
|a 0821340255 (pbk.)
|
| 040 |
|
|
|a DLC
|c DLC
|d DLC
|
| 082 |
0 |
0 |
|a 332.67/754
|2 21
|
| 100 |
1 |
|
|a Jones, Stephen P.,
|d 1962-
|
| 245 |
1 |
0 |
|a Sector investment programs in Africa :
|b issues and experience /
|c Stephen P. Jones.
|
| 260 |
|
|
|a Washington, D.C. :
|b World Bank,
|c c1997.
|
| 300 |
|
|
|a ix, 42 p. ;
|c 28 cm.
|
| 490 |
1 |
|
|a World Bank technical paper ;
|v no. 374. Africa Region series
|
| 504 |
|
|
|a Includes bibliographical references (p. 42).
|
| 541 |
1 |
|
|e 00007171
|
| 650 |
|
0 |
|a Public investments
|z Africa, Sub-Saharan.
|
| 650 |
|
0 |
|a Non-governmental organizations
|z Africa, Sub-Saharan.
|
| 830 |
0 |
|
|a World Bank technical paper ;
|v no. 374.
|
| 830 |
0 |
|
|a World Bank technical paper.
|p Africa Region series.
|
| 852 |
4 |
|
|a Ayesha Abed Library
|j General Shelf.
|
| 999 |
|
|
|c 5451
|d 5451
|
| 952 |
|
|
|0 0
|1 0
|2 ddc
|4 0
|6 332_677540000000000_JON
|7 0
|9 5316
|a BRACUL
|b BRACUL
|c GEN
|d 2009-11-12
|g 0.00
|l 0
|o 332.67754 JON
|p 3010007171
|r 2009-11-12
|t 1
|w 2009-11-12
|y BK
|x No price found in the accession register.
|